000 01326nam a22003497a 4500
003 CHAP
005 20220817044542.0
008 080125s2010 mx r 00010 spa d
010 _a103973
011 _a104945
035 _a115635
040 _cCHAP
082 0 0 _a304.2
_bA24
100 1 _aAduna Mondragón, Alma Patricia.
_9973
245 1 0 _aEcología social :
_bafrontamiento y solución de problemas
_c/por Alma Patricia Aduna Mondragón
260 _aMéxico :
_bUAM-I, Ciencias Sociales y Humanidades, Departamento de Economía,
_c2010
300 _a173 p. :
_bdiagrama
590 _aBATCH-UPD
_b10
_c20130110
_lUCH01
_h0347
590 _aBATCH-UPD
_b10
_c20130110
_lUCH01
_h0401
590 _aBATCH-UPD
_b10
_c20130409
_lUCH01
_h2220
590 _aBATCH-UPD
_b10
_c20130409
_lUCH01
_h2310
590 _aBATCH-UPD
_b10
_c20130409
_lUCH01
_h2337
590 _aBATCH-UPD
_b10
_c20130913
_lUCH01
_h1856
590 _aCONVERSION
_b10
_c20130109
_lUCH01
_h1357
650 4 _aEcología humana.
650 4 _aEcología
_xInvestigación.
_935146
650 4 _aHombre
_xInfluencia del medio ambiente.
_956040
901 _aBK
942 _cLIBRO
949 _a304.2 A24
_bBC
_cLIBRO
_d33724002337199
_eLIBRO
_gI.c/e
_h117055
_i115635
_st
_t$70.00
949 _a304.2 A24
_bBC
_cLIBRO
_d33724002337231
_eLIBRO
_fc.2
_gI.c/e
_h117056
_i115635
_st
_t$70.00
999 _c103973
_d103973